| 000 | 00437nam a22001457a 4500 | ||
|---|---|---|---|
| 008 | 240811b |||||||| |||| 00| 0 eng d | ||
| 020 | _a9789937760300 | ||
| 082 |
_223rd _a330 _bEc74 |
||
| 245 |
_aEconomics grade XII / _cRamesh P Adhikari...[et.al.]. |
||
| 260 |
_aKathmandu: _bAsmita Books Publisher & Distributors, _c2078BS. |
||
| 300 | _a384p. : ill. | ||
| 500 | _aIncludes bibliography. | ||
| 650 | _aEconomics | ||
| 942 |
_2ddc _cISBN |
||
| 999 |
_c115911 _d115899 |
||